000 01074cam a22002295a 4500
001 000000881
005 20200929145431.0
008 000513s1992 pe b 000 0 spa d
010 _a 00315195
035 _a(OCoLC)ocm33001016
040 _aDO-SdBNP
_cDLC
043 _as-ck---
110 2 _aAsociación Latinoamericana de Instituciones Financieras de Desarrollo.
_bAsamblea General.
_bReunión Ordinaria
_n(22nd :
_d1992 :
_cMadrid, Spain)
_93120
245 1 3 _aLa financiación del desarrollo latinoamericano y las transformaciones de la economía mundial :
_banales de la vigésima segunda Reunión Ordinaria de la Asamblea General de ALIDE : Madrid, España, 2-5 junio 1992.
260 _a[Lima, Perú] :
_bALIDE,
_c[1992?].
300 _a570 p. ;
_c22 cm.
710 2 _aAsociación Latinoamericana de Instituciones Financieras de Desarrollo.
_93121
910 _aCXP LC
906 _a0
_bibc
_corignew
_d2
_encip
_f20
_gy-gencatlg
925 0 _aacquire
_b1 shelf copy
_xpolicy default
999 _c876
_d876